| 000 | 00788nam a2200217 a 4500 | ||
|---|---|---|---|
| 003 | 0 | ||
| 005 | 20250310144910.0 | ||
| 008 | 080827s19uu xx 00 eng d | ||
| 050 |
_aPGS SB 357.5.R57 _b.K49 2008 |
||
| 100 | _aKim, Jeon Da Seul. | ||
| 245 |
_aThe effect of other fruits on fruit ripening of apples / _cJeon Da Seul Kim. |
||
| 260 |
_aLas PiƱas City, Philippines : _bSouthville International School and Colleges, _c2008. |
||
| 300 |
_a27 pages : _billustrations ; _c28 cm. |
||
| 504 | _aIncludes bibliographical references. | ||
| 650 |
_aFruit ripening _vChemical processes. |
||
| 650 |
_aFruit _vRipening agents. |
||
| 650 |
_aApples _vRipening. |
||
| 650 |
_aEthylene _vEffect on fruit. |
||
| 650 |
_aPostharvest physiology _vFruits. |
||
| 942 |
_2lcc _cPASS |
||
| 999 |
_c98017 _d98017 |
||